000 00689cab a2200205 4500
001 WB2313-10
008 090401t1987 xxu||||| |||| 00| 0 eng d
035 _a(Sirsi) u49769
041 _aeng
245 _aRadon research programme
260 _c1987
350 _a0
490 _aBuilding
_vvol 252 no 7488, 20/3/87 p63
520 _aA two year research programme aimed at providing advice on minimising problems of radon gas in buildings commences in April. It is jointly funded by the BRE and the National Radiological Protection Board .
650 _aHOUSES
650 _aRADIOACTIVITY
690 _aBUILT ENVIRONMENT-BUILDING PATHOLOGY
942 _n0
948 _c04/03/1997
999 _c31165
_d31165